| 000 | 00433nam a2200157Ia 4500 | ||
|---|---|---|---|
| 008 | 141024t2012 xxu||||| |||| 00| 0 sin d | ||
| 041 | _asin | ||
| 080 |
_a8-31 _bPAL |
||
| 245 | _aසැබැ මිනිසෙකුගේ කතාවක් | ||
| 246 | _aSaba Minisakuge Kathawak | ||
| 260 |
_aKurulu Poth _aRajagiriya _c2012 |
||
| 300 | _b204p, 21 cm | ||
| 942 | _cBK | ||
| 999 |
_c42794 _d42794 |
||
| 003 | LK-CoDNM | ||
| 040 |
_aLK-CoDNM _dLK-CoDNM _eLK-CoDNM |
||